<?xml version="1.0" encoding="UTF-8"?>
<collection xmlns="http://www.loc.gov/MARC21/slim">
 <record>
  <leader>01179nam a22002295a 4500</leader>
  <controlfield tag="001">CEM.cems025092</controlfield>
  <controlfield tag="008">260406s2011####ag#a##########000#0#und#d</controlfield>
  <controlfield tag="005">20260406124432.0</controlfield>
  <datafield tag="245" ind1="1" ind2="0">
   <subfield code="a">Historia de los genes :</subfield>
   <subfield code="b">de los factores hereditarios a la secuencia completa del genoma humano de los factores hereditarios a la secuencia completa del genoma humano /</subfield>
   <subfield code="c">Susana Gallardo.</subfield>
  </datafield>
  <datafield tag="250" ind1=" " ind2=" ">
   <subfield code="a">1era ed.</subfield>
  </datafield>
  <datafield tag="260" ind1=" " ind2=" ">
   <subfield code="a">Buenos Aires :</subfield>
   <subfield code="b">Capital intelectual,</subfield>
   <subfield code="c">2011.</subfield>
  </datafield>
  <datafield tag="300" ind1=" " ind2=" ">
   <subfield code="a">152 p. :</subfield>
   <subfield code="b">il. ;</subfield>
   <subfield code="c">20 cm.</subfield>
  </datafield>
  <datafield tag="490" ind1="1" ind2=" ">
   <subfield code="a">Estación ciencia</subfield>
  </datafield>
  <datafield tag="520" ind1=" " ind2=" ">
   <subfield code="a">En la actualidad, los medios hablan de genes con asombrosa naturalidad. Y no solo desde los espacios dedicados a la ciencia: también se habla de ellos y de ADN en las noticias políticas, policiales y del espectáculo. Los genes fueron rodando de microscopio en microscopio, mientras las imágenes se ordenan en el gran laboratorio que los hombres y mujeres llevamos en el cerebro.</subfield>
  </datafield>
  <datafield tag="020" ind1=" " ind2=" ">
   <subfield code="a">9876143127</subfield>
  </datafield>
  <datafield tag="100" ind1="1" ind2=" ">
   <subfield code="a">Gallardo, Susana,</subfield>
   <subfield code="d">2011.</subfield>
  </datafield>
  <datafield tag="082" ind1="0" ind2="4">
   <subfield code="a">575.1</subfield>
  </datafield>
  <datafield tag="653" ind1=" " ind2=" ">
   <subfield code="a">Genética</subfield>
  </datafield>
  <datafield tag="653" ind1=" " ind2=" ">
   <subfield code="a">Genes</subfield>
  </datafield>
  <datafield tag="653" ind1=" " ind2=" ">
   <subfield code="a">Manipulación genética</subfield>
  </datafield>
  <datafield tag="653" ind1=" " ind2=" ">
   <subfield code="a">Genoma humano</subfield>
  </datafield>
  <datafield tag="859" ind1=" " ind2=" ">
   <subfield code="a">CEMS</subfield>
   <subfield code="b">BIB. CEMS - Agricultura</subfield>
   <subfield code="h">575.1</subfield>
   <subfield code="i">G135</subfield>
   <subfield code="p">A4042.26</subfield>
   <subfield code="t">Ej.1</subfield>
  </datafield>
 </record>
</collection>
